Sports Quiz

Random Sports or NBA Quiz

5 blocks & 5 steals (NBA) Quiz Stats

 Plays Quiz not verified by Sporcle

Challenge
Share
Tweet
Embed
Score 0/17 Timer 04:00
0 Plays Today
Qty Player % Correct
20Hakeem Olajuwon
97.2%
5David Robinson
94.9%
4Ben Wallace
94%
1Clifford Robinson
90.8%
1Dwight Howard
88.9%
3Michael Jordan
87.1%
1Shaquille O'Neal
85.3%
1Josh Smith
82%
3Andrei Kirilenko
81.1%
Qty Player % Correct
1Emeka Okafor
67.7%
1Marcus Camby
62.2%
1Dikembe Mutombo
59.9%
1Vlade Divac
49.3%
1Derrick Coleman
47.5%
1Antonio McDyess
21.7%
1Jamaal Tinsley
13.4%
1Bo Outlaw
9.2%

You're not logged in!

Compare scores with friends on all Sporcle quizzes.
Join for Free
OR
Log In

You Might Also Like...

Show Comments

Extras

Top Quizzes Today


Score Distribution

Your Account Isn't Verified!

In order to create a playlist on Sporcle, you need to verify the email address you used during registration. Go to your Sporcle Settings to finish the process.

Report this User

Report this user for behavior that violates our Community Guidelines.

Details: